000 00436nam a2200169Ia 4500
008 230524s9999 xx 000 0 und d
082 _a621.3822
_bPHI
100 _aCharles L.Phillips
245 0 _a"Signals, Systems and Transforms"
250 _a3RD
260 _aNEW DELHI
_bPearson
_c2004
300 _a765
500 _aQuantity Number: 2
650 _aElectronics
700 _a" John M.Parr , Eve A.Riskin,,,"
942 _cBK
999 _c23804
_d23804